000 00457nam a22001577a 4500
003 OSt
005 20120302152059.0
008 091215t xxu||||| |||| 00| 0 eng d
035 _a६९४१
040 _cमराठी
100 _aगीतानंद
_911409
245 _aजीवनगीता गीतानंद
260 _aठाणे
_bसंगीता
_c१९९१
300 _b५०३ पाने
942 _2ddc
_cBOOK
999 _c496115
_d496112